A minha vida fora de série (Registo nº 75178)

Detalhes MARC
000 -Etiqueta do registo
campo de controlo de comprimento fixo 00670 2200241 4500
001 - Identificador do registo
Campo de controlo 75178
005 - Identificador da versão
Campo de controlo 20251210122321.0
010 ## - ISBN
Número (ISBN) 978-972-23-5879-8
100 ## - Dados Gerais de Proc.
Dados gerais de processamento 20251210d2019 a||y0pory50 ba
101 0# - Língua da publicação
Língua do texto, banda sonora, etc. Português
102 ## - País de Publicação
País de publicação Portugal
200 1# - Título
Título próprio A minha vida fora de série
Primeira menção de responsabilidade Paula Pimenta
Informação de outro título 3.ª temporada
205 ## - Menção da edição
Menção da edição 4.ª ed.
210 ## - Publicação, Distribuição
Lugar da edição, distribuição, etc. Barcarena
Nome do editor, distribuidor, etc. Editorial Presença
Data da publicação, distribuição, etc. 2019
215 ## - Descrição física
Descrição física 417, [2] p.
225 ## - Colecção
Título próprio da colecção A minha vida fora de série
Indicação de volume 3
606 ## - Nome comum
Koha Internal code 2126
Elemento de entrada Literatura juvenil
675 ## - CDU
Notação 83
Língua da edição Português
Edição 4.ª ed.
675 ## - CDU
Notação 087.5
Língua da edição Português
Edição BN
675 ## - CDU
Notação 821.134.3(81)-93"20"
Língua da edição Português
Edição BN
675 ## - CDU
Notação 821.134.3(81)-31"20"
Língua da edição Português
Edição BN
090 ## - Números de controlo do sistema (Koha)
Número biblioitem do Koha (gerado automaticamente) 75178
942 ## - Elementos de entrada adicionados (Koha)
Tipo de item no Koha Monografias
Suprimido Disponível no OPAC
Exemplares
Removido (estado) Perdido (estado) Data de aquisição Origem do registo (biblioteca) (codificado) Código da organização que empresta ou é detentora (biblioteca) Código de barras Número de inventário Cota Tipo de circulação (não pode ser emprestado) Tipo de item e material Menção de edição Data da publicação, distribuição, etc.
Disponível Disponível 2025-12-10 Biblioteca da Escola Secundária Dr. Jorge Augusto Correia Biblioteca da Escola Secundária Dr. Jorge Augusto Correia BESJAC12493 12493 83J PIM Normal Monografias 4.ª ed. 2019